1776 1146 1907 1008 1032 1829 1026 1905 1290 1090 1220 1678 1532 1201 1010 1254 1770 1008 1254 1753 1847 1906 1524 1038 1593 1862 1503 1478 1797 1508 1806 1592 1162 1251 1617 1704 1585 1337 1420 1922 1506 1827 1324 1043 1983 1928 1313 1363 1120 1892 1617 1202 1205 1310 1916 1638 1016 1430 1769 1460 1024 1540 1908 1814 1516 1765 1300 1335 1506 1130 1879 1844 1232 1234 1747 1753 1082 1110 1194 1017 1629 1845 1750 1434 1826 1679 1332 1599 1796 1566 1528 1314 1610 1600 1348 1516 1401 1906 1541 BCNSPRNW ULIB Ver.6.0+V

เปลี่ยนเป็นภาษาไทย

Change to English
 แสดงรายละเอียดบรรณานุกรม
  กลับหน้าหลัก

Brief Record : Get Marc (ISO 2709) : E-mail record : QR code < ปิดหน้าต่าง
LEADER : 00000nam 2200000uu 4500
001    13399115183
003     ULIB
008    120720s2547||||th 000 0 tha d
020    ^a9749221826
020    ^a9789749221822
060 04 ^aWP100^bน633ร 2547
100 0  ^aนิมิต เตชไกรชนะ
245 10 ^aเรื่องวุ่น ๆ ของคุณผู้หญิง /^cนิมิต เตชไกรชนะ
250    ^aพิมพ์ครั้งที่ 1
260    ^aกรุงเทพฯ :^bอัลตร้า พริ้นติ้ง,^c2547
300    ^a143 หน้า :^bภาพประกอบ ;^c22 ซม.
650  7 ^aนรีเวชวิทยา
945    ^p0^l0^i13885
995    ^aกัณชพร
999    ^aใช้งานได้ทุกระบบ
รายการนี้ยังไม่มีแท็ก
คุณยังไม่ได้ล็อกอิน คุณสามารถมีกิจกรรมร่วมกับเว็บไซต์ได้ แต่ต้องล็อกอินก่อน ::
  ล็อกอิน

รายการสื่อสารสนเทศ

ลำดับที่ ประเภท เลขเรียก/บาร์โค้ด สถานที่ สถานะ
- ไม่พบข้อมูล -

รายการใกล้เคียง
    ผู้แต่ง [นิมิต เตชไกรชนะ]

    หัวเรื่อง [นรีเวชวิทยา]

BibComment


ยังไม่เคยถูกคอมเมนท์

คอมเมนท์ทรัพยากรรายการนี้
  คอมเมนท์: เรื่องวุ่น ๆ ของ..


 Copyright 2026. Bcnsprnw @Library